<?xml version="1.0" encoding="UTF-8"?>
<record
    xmlns:xsi="http://www.w3.org/2001/XMLSchema-instance"
    xsi:schemaLocation="http://www.loc.gov/MARC21/slim http://www.loc.gov/standards/marcxml/schema/MARC21slim.xsd"
    xmlns="http://www.loc.gov/MARC21/slim">

  <leader>02111nam a2200289Ia 4500</leader>
  <controlfield tag="003">OSt</controlfield>
  <controlfield tag="005">20210727225151.0</controlfield>
  <controlfield tag="008">210310t1996    sp ad  fr     000 0dspa d</controlfield>
  <datafield tag="020" ind1=" " ind2=" ">
    <subfield code="a">8485855957</subfield>
  </datafield>
  <datafield tag="040" ind1=" " ind2=" ">
    <subfield code="a">CO-JMCR</subfield>
    <subfield code="c">CO-JMCR</subfield>
  </datafield>
  <datafield tag="041" ind1="1" ind2=" ">
    <subfield code="a">spa</subfield>
    <subfield code="h">eng</subfield>
  </datafield>
  <datafield tag="082" ind1="0" ind2="4">
    <subfield code="a">332.673 /</subfield>
    <subfield code="b">E342g</subfield>
    <subfield code="2">23</subfield>
  </datafield>
  <datafield tag="100" ind1="1" ind2=" ">
    <subfield code="a">Eichengreen, Barry, </subfield>
    <subfield code="9">16486</subfield>
    <subfield code="e">autor</subfield>
  </datafield>
  <datafield tag="245" ind1="1" ind2="3">
    <subfield code="a">La globalizaci&#xF3;n del capital : </subfield>
    <subfield code="b">historia del sistema monetario internacional / </subfield>
    <subfield code="c">Barry Eichengreen ; traducci&#xF3;n de Mar&#xED;a Esther Rabasco</subfield>
  </datafield>
  <datafield tag="260" ind1=" " ind2=" ">
    <subfield code="a">Barcelona : </subfield>
    <subfield code="b">Antoni Bosch, </subfield>
    <subfield code="c">&#xA9;1996</subfield>
  </datafield>
  <datafield tag="300" ind1=" " ind2=" ">
    <subfield code="a">ix, 327 p&#xE1;ginas : </subfield>
    <subfield code="b">ilustraciones y gr&#xE1;ficas a blanco y negro ; </subfield>
    <subfield code="c">22 cm.</subfield>
  </datafield>
  <datafield tag="500" ind1=" " ind2=" ">
    <subfield code="a">Incluye glosario, &#xED;ndice anal&#xED;tico, datos biogr&#xE1;ficos del autor y notas a pie de p&#xE1;gina.
T&#xED;tulo original. Globalizing capital: a history of the international monetary system</subfield>
  </datafield>
  <datafield tag="504" ind1=" " ind2=" ">
    <subfield code="a">Bibliograf&#xED;a: p&#xE1;ginas [291]-314</subfield>
  </datafield>
  <datafield tag="505" ind1="0" ind2=" ">
    <subfield code="a">El patr&#xF3;n oro -- La inestabilidad del per&#xED;odo de entreguerras -- El sistema de Bretton Woods -- De la fluctuaci&#xF3;n  a la unificaci&#xF3;n monetaria</subfield>
  </datafield>
  <datafield tag="520" ind1="3" ind2=" ">
    <subfield code="a">Desde 1850 hasta la crisis asi&#xE1;tica y el euro, Eichengreen analiza la evoluci&#xF3;n del sistema monetario internacional. El autor evita entrar en una descripci&#xF3;n pormenorizada de los detalles institucionales para poder centrarse en las cuestiones econ&#xF3;micas m&#xE1;s sustantivas.
El libro va dirigido a diversas audiencias. Una es la de los estudiantes de econom&#xED;a que necesitan dar vida a los simples esquemas que encuentran en sus libros de texto. Otra es la de los estudiantes de historia que hallar&#xE1;n en estas p&#xE1;ginas conceptos y metodolog&#xED;as que les ser&#xE1;n familiares. Pero el libro est&#xE1; tambi&#xE9;n dirigido al lector general interesado en la reforma monetaria y consciente de que la historia del sistema 
monetario internacional condiciona los sistemas monetarios actuales y futuros.
</subfield>
  </datafield>
  <datafield tag="546" ind1=" " ind2=" ">
    <subfield code="a">Traducido del ingl&#xE9;s.</subfield>
  </datafield>
  <datafield tag="650" ind1="1" ind2="4">
    <subfield code="a">Mercado de capitales</subfield>
    <subfield code="9">16488</subfield>
  </datafield>
  <datafield tag="650" ind1="2" ind2="4">
    <subfield code="a">Sistema monetario internacional</subfield>
    <subfield code="x">Historia </subfield>
    <subfield code="9">38807</subfield>
  </datafield>
  <datafield tag="650" ind1="2" ind2="4">
    <subfield code="a">Globalizaci&#xF3;n</subfield>
    <subfield code="9">38808</subfield>
  </datafield>
  <datafield tag="700" ind1="1" ind2=" ">
    <subfield code="a">Rabasco, Mar&#xED;a Esther, </subfield>
    <subfield code="e">traductora</subfield>
    <subfield code="9">6403</subfield>
  </datafield>
  <datafield tag="942" ind1=" " ind2=" ">
    <subfield code="2">ddc</subfield>
    <subfield code="c">BK</subfield>
  </datafield>
  <datafield tag="999" ind1=" " ind2=" ">
    <subfield code="c">8156</subfield>
    <subfield code="d">8156</subfield>
  </datafield>
  <datafield tag="952" ind1=" " ind2=" ">
    <subfield code="0">0</subfield>
    <subfield code="1">0</subfield>
    <subfield code="2">ddc</subfield>
    <subfield code="4">0</subfield>
    <subfield code="7">0</subfield>
    <subfield code="8">NFIC</subfield>
    <subfield code="a">CPL</subfield>
    <subfield code="b">CPL</subfield>
    <subfield code="d">2018-04-15</subfield>
    <subfield code="e">Donaci&#xF3;n</subfield>
    <subfield code="l">1</subfield>
    <subfield code="m">2</subfield>
    <subfield code="o">332.673 / E342g</subfield>
    <subfield code="p">430003259</subfield>
    <subfield code="r">2024-05-16 00:00:00</subfield>
    <subfield code="s">2021-09-22</subfield>
    <subfield code="t">Ej.1</subfield>
    <subfield code="y">BK</subfield>
  </datafield>
</record>
